| 000 | 00459cam a22001934a 4500 | ||
|---|---|---|---|
| 005 | 20250605164326.0 | ||
| 008 | 250528s ||||||||||||||||||||||||d | ||
| 035 | _a23038 | ||
| 020 | _a9780534367312 | ||
| 040 |
_aGR-AtMCL _bgre _dGR-AtMCL _eAACR2 |
||
| 245 | 1 | _aTHE SKILLED HELPER | |
| 250 | _a7 | ||
| 260 |
_bBrooks/Cole Publishing Company, _c2002 |
||
| 300 | _a404 | ||
| 700 | 1 |
_aEgan Gerard _9423 |
|
| 942 | _cBK | ||
| 999 |
_c8078 _d8078 |
||